000 00370nam a22001457a 4500
008 210519b ||||| |||| 00| 0 eng d
020 _a053437087
041 _aeng
080 _25th
_a311
082 _a311
100 _a54
101 _aSTA
245 _aInstructor's Manual with Test Bank for Statistics for the Behavioral Sciences
_cGravetter,F
942 _2udc
_cBK
999 _c57479
_d57479